Test na szybkie pisanie - Statystyki

Ogólne statystyki
  • Ten quiz został rozwiązany 75 razy
  • Średni wynik to 41 z 45
Statystyki odpowiedzi
Litera 1 Litera 2 % Poprawnych
P P
100%
C C
97%
C C
97%
C C
97%
D D
97%
H H
97%
H H
97%
L L
97%
L L
97%
M M
97%
N N
97%
N N
97%
N N
97%
R R
97%
R R
97%
I I
95%
T T
95%
T T
95%
U U
95%
U U
95%
B B
93%
Un Un
93%
Li Li
92%
Nu Nu
92%
Pr Pr
92%
Si Si
92%
Ty Ty
92%
Kt Kt
90%
Sn Sn
90%
Sr Sr
90%
Al Al
88%
Fd Fd
88%
Hk Hk
88%
My My
88%
Rt Rt
88%
Hl Hl
86%
Kl Kl
86%
Usr Usr
85%
Nit Nit
83%
Uly Uly
81%
Sir Sir
78%
Try Try
78%
Ngy Ngy
76%
Srn Srn
75%
Dzięki Dzięki
73%
Nie znaleziono quizów pasujących do podanych kryteriów
Rozkład punktacji
Procent ludzi z każdym wynikiem
Percentyl według liczby udzielonych odpowiedzi
Twoja historia wyników
Nie rozwiązałeś tego quizu